000 01007cam a2200361Ia 4500
001 42779
005 20230410103807.0
008 021004s1978 sp 000 0 spa d
035 _a(OCoLC)ocm50731610
040 _aPBR
_cPBR
_dOCLCQ
020 _a8473670809
020 _a9788473670807
041 1 _aspa
_hfre
043 _ae-ur---
050 1 4 _a338 DK 267
_bF828s 1978
082 0 0 _a947.084/2/092
_220
049 _aGRAL
100 1 _aFrank, Pierre.
245 1 3 _aEl stalinismo /
_cPierre Frank.
250 _a1. ed.
260 _aBarcelona :
_bEditorial Fontamara,
_c1978.
300 _a122 p.
500 _aTít. Orig.: Stalinisme.
651 0 _aSoviet Union
_xHistory
_y1925-1953.
651 0 _aSoviet Union
_xPolitics and government.
651 0 _aSoviet Union
_xForeign relations.
651 0 _aSoviet Union
_xSocial conditions.
600 1 0 _aStalin, Joseph,
_d1879-1953.
650 0 _aCommunism
_zSoviet Union.
942 _2lcc
_cbk
946 _ajoacosta
994 _aC0
_bDRFGD
999 _c25947
_d25947